| 000 | 00528nam a2200169 a 4500 | ||
|---|---|---|---|
| 005 | 20140414132122.0 | ||
| 008 | 121010s19uu xx 00 eng d | ||
| 050 |
_aM 813.5 _bMc479 1999 |
||
| 100 | _aMckie, Anna | ||
| 245 | _aFifty bedtime stories. | ||
| 260 |
_aLittle Venice, London : _bGrandreams Limited, _c1999. |
||
| 300 | _a93 | ||
| 500 | _aPaws, claws and jaws.The Balloon Circus.Moving house. Dora the snorer makes a move. | ||
| 650 | _aStories-fiction. | ||
| 700 | _aKen Mckie (illustrated by) | ||
| 999 |
_c115093 _d115093 |
||